| 000 | 00553nam a2200181Ia 4500 | ||
|---|---|---|---|
| 008 | 090123s9999 xx 000 0 und d | ||
| 082 |
_b34320 _a891.463/सावंत |
||
| 100 | _aसावंत वि.कृ. | ||
| 245 | _aतेजस्विनी | ||
| 250 | _a0 | ||
| 260 |
_bमधुश्री प्रकाशन _c2002 |
||
| 300 | _a176 | ||
| 600 | _aसावंत वि.कृ. | ||
| 630 | _aतेजस्विनी | ||
| 700 | _aसावंत वि.कृ. | ||
| 730 | _aतेजस्विनी | ||
| 942 | _cBOOK | ||
| 999 |
_c72424 _d72424 |
||